Francúzsko-slovenský slovník diplomacia,medzinárodné právo, politológia
Gespeichert in:
| 1. Verfasser: | |
|---|---|
| Format: | Buch |
| Sprache: | Französisch Slowakisch |
| Veröffentlicht: |
Bratislava
KNIHA-SPOLOČNÍK
2002
|
| Schlagworte: | |
| Tags: |
Keine Tags, Fügen Sie das erste Tag hinzu!
|
MARC
| LEADER | 00000nam a2200000 4500 | ||
|---|---|---|---|
| 001 | c141568 | ||
| 005 | 20221124092051.8 | ||
| 020 | |a 80-88814-28-6 | ||
| 041 | 0 | |a fre | |
| 041 | 0 | |a slo | |
| 044 | |a SK | ||
| 245 | 1 | 0 | |a Francúzsko-slovenský slovník |b diplomacia,medzinárodné právo, politológia |c Ladislav Trup |
| 264 | 1 | |a Bratislava |b KNIHA-SPOLOČNÍK |c 2002 | |
| 300 | |a 745 s. | ||
| 610 | 2 | 0 | |a jazyky cudzie |
| 610 | 2 | 0 | |a francúzština |
| 610 | 2 | 0 | |a slovenčina |
| 610 | 2 | 0 | |a diplomacia |
| 610 | 2 | 0 | |a politológia |
| 610 | 2 | 0 | |a právo medzinárodné |
| 100 | 1 | |a Trup, Ladislav | |